[Event "World Blitz 2025"]
[Site "Doha QAT"]
[Date "2025.12.29"]
[Round "5.95"]
[White "Kuandykuly, Danis"]
[Black "Kozak, Adam"]
[Result "0-1"]
[WhiteTitle "FM"]
[BlackTitle "GM"]
[WhiteElo "2372"]
[BlackElo "2546"]
[WhiteFideId "13752260"]
[BlackFideId "753246"]
[EventDate "2025.12.29"]

1. e4 e5 2. Bc4 Nf6 3. d3 Nc6 4. Nc3 Na5 5. Qf3 d6 6. h3 c6 7. Nge2 Be7 8. g4
Nxc4 9. dxc4 Be6 10. b3 d5 11. exd5 cxd5 12. g5 e4 13. Qe3 Nh5 14. cxd5 Bxd5 15.
h4 Rc8 16. Qd4 Bc6 17. Be3 Qxd4 18. Bxd4 a6 19. O-O-O O-O 20. Rhe1 f5 21. gxf6
Bxf6 22. Bxf6 Rxf6 23. Nd4 Rxf2 24. Nxe4 Bxe4 25. Rxe4 Rf7 26. Ne6 h6 27. c4 Ng3
28. Re5 Re8 29. Rg1 Nf5 30. Rxf5 Rxe6 31. Rxf7 Kxf7 32. Rg4 Kf6 33. Kd2 g5 34.
hxg5+ hxg5 35. Rd4 Re7 36. Rd5 g4 37. c5 g3 38. Rd3 Rg7 39. Rf3+ Ke5 40. Rf1 g2
41. Rg1 Kf4 42. b4 Ke5 0-1

[Event "World Blitz 2025"]
[Site "Doha QAT"]
[Date "2025.12.29"]
[Round "5.96"]
[White "Kosakowski, Jakub"]
[Black "Wafa, Hamed"]
[Result "1-0"]
[WhiteTitle "GM"]
[BlackTitle "IM"]
[WhiteElo "2549"]
[BlackElo "2373"]
[WhiteFideId "1185080"]
[BlackFideId "10628452"]
[EventDate "2025.12.29"]

1. e4 e5 2. Nf3 Nc6 3. d4 exd4 4. Nxd4 Bc5 5. Nb3 Bb6 6. Qe2 Nf6 7. e5 Nd5 8. c4
Nde7 9. c5 Ba5+ 10. Nxa5 Nxa5 11. Nc3 O-O 12. Bg5 Nac6 13. O-O-O b6 14. Nd5 Kh8
15. Qe4 Bb7 16. Bd3 g6 17. Bf6+ Kg8 18. Nxe7+ Nxe7 19. Qh4 1-0

[Event "World Blitz 2025"]
[Site "Doha QAT"]
[Date "2025.12.29"]
[Round "5.69"]
[White "Alrehaili, Ahmed Abdullah S"]
[Black "Bjerre, Jonas Buhl"]
[Result "0-1"]
[WhiteTitle "FM"]
[BlackTitle "GM"]
[WhiteElo "2106"]
[BlackElo "2623"]
[WhiteFideId "21518840"]
[BlackFideId "1444948"]
[EventDate "2025.12.29"]

1. e4 e5 2. Nf3 Nc6 3. Bc4 d6 4. c3 f5 5. d3 f4 6. h3 Qf6 7. Na3 Be7 8. Nc2 Nh6
9. Qe2 Nf7 10. d4 Bd7 11. Bd2 O-O-O 12. O-O-O g5 13. Nfe1 h5 14. f3 Rdg8 15. Nd3
Kb8 16. Bd5 Ncd8 17. dxe5 dxe5 18. c4 c6 19. Bxf7 Nxf7 20. Bc3 Be6 21. b3 Rd8
22. Qf2 Bd6 23. Nc5 Bc8 24. b4 b6 25. Nb3 Qe6 26. c5 Bc7 27. Kb2 Qc4 28. Na3 Qa6
29. Qf1 Rxd1 30. Qxd1 Rd8 31. Qc2 Be6 32. cxb6 axb6 33. Rd1 Rxd1 34. Qxd1 Qc8
35. Qd3 Qd8 36. Qa6 Bc8 37. Qc4 Nd6 38. Qxc6 Bb7 39. Qa4 Qe8 40. b5 Qe6 41. Bb4
Nc4+ 42. Kc3 Ne3 43. Nd2 Qd7 44. Qb3 Qd4# 0-1

[Event "World Blitz 2025"]
[Site "Doha QAT"]
[Date "2025.12.29"]
[Round "5.70"]
[White "Ansat, Aldiyar"]
[Black "Meng, Yihan"]
[Result "0-1"]
[WhiteTitle "IM"]
[BlackTitle "IM"]
[WhiteElo "2479"]
[BlackElo "2456"]
[WhiteFideId "13715658"]
[BlackFideId "8631891"]
[EventDate "2025.12.29"]

1. e4 e6 2. d4 d5 3. Nc3 Nf6 4. Bg5 dxe4 5. Nxe4 Nbd7 6. Nxf6+ Nxf6 7. Nf3 h6 8.
Be3 Bd6 9. Bd3 O-O 10. Qe2 b6 11. O-O-O Bb7 12. Rhg1 Nd5 13. Kb1 Qf6 14. Nd2 Nf4
15. Bxf4 Qxf4 16. Ne4 Bxe4 17. Bxe4 Rad8 18. g3 Qf6 19. f3 c5 20. dxc5 Bxc5 21.
Rxd8 Rxd8 22. Rd1 g6 23. c3 Kg7 24. Kc2 h5 25. h3 Rxd1 26. Qxd1 Qe5 27. g4 Qh2+
28. Qd2 Qxh3 29. b4 Be7 30. gxh5 Qxh5 31. Qd7 Bf6 32. Qxa7 Qe5 33. Qa3 g5 34.
Bd3 Qe3 35. Qa8 Qf2+ 36. Kb3 Qd2 37. Qe4 Qxc3+ 38. Ka4 Qb2 39. a3 Qa1 40. Qc4
Qd1+ 41. Kb5 Qxf3 42. Kxb6 g4 43. Qe4 Qf2+ 44. Kb5 g3 45. Qh7+ Kf8 46. Qh6+ Ke7
47. Be4 Qe2+ 0-1

[Event "World Blitz 2025"]
[Site "Doha QAT"]
[Date "2025.12.29"]
[Round "5.71"]
[White "Mamedyarov, Shakhriyar"]
[Black "Mendonca, Leon Luke"]
[Result "1-0"]
[WhiteTitle "GM"]
[BlackTitle "GM"]
[WhiteElo "2730"]
[BlackElo "2615"]
[WhiteFideId "13401319"]
[BlackFideId "35028561"]
[EventDate "2025.12.29"]

1. c4 e6 2. Nc3 d5 3. d4 Nf6 4. Bg5 Be7 5. e3 h6 6. Bxf6 Bxf6 7. Nf3 c6 8. Rc1
Nd7 9. h4 g6 10. h5 g5 11. cxd5 exd5 12. Bd3 Nb6 13. Qc2 O-O 14. Ne2 Re8 15. O-O
Bg7 16. Ng3 g4 17. Nh2 Qg5 18. Bf5 Nc4 19. Nxg4 Nd6 20. Bxc8 Raxc8 21. Nh2 f5
22. Nf3 Qg4 23. Qb3 Rc7 24. Nh2 Qg5 25. Qd1 Rf7 26. Nf3 Qg4 27. Ne1 Qxd1 28.
Rxd1 f4 29. exf4 Rxf4 30. Nf3 Nb5 31. Rfe1 Rxe1+ 32. Rxe1 Nxd4 33. Nd2 Kf7 34.
b3 a5 35. f3 Bf8 36. Ne2 Nxe2+ 37. Rxe2 a4 38. g4 b5 39. Kg2 Bd6 40. Nf1 axb3
41. axb3 Rb4 42. Ne3 Rxb3 43. Nf5 Bf8 44. Rc2 c5 45. Ra2 c4 46. Ra7+ Kf6 47. Ra8
Bc5 48. Ra6+ Ke5 49. Rc6 Bb4 50. Nxh6 c3 51. Nf7+ Kd4 52. h6 Rb2+ 53. Kh3 Rb1
54. g5 Bc5 55. Nd8 Re1 56. Ne6+ Rxe6 57. Rxe6 c2 58. Re1 Kd3 59. g6 Kd2 60. Rh1
Bf2 61. g7 Be1 62. Rh2+ 1-0

[Event "World Blitz 2025"]
[Site "Doha QAT"]
[Date "2025.12.29"]
[Round "5.72"]
[White "Dominguez Perez, Leinier"]
[Black "Rakotomaharo, Fy Antenaina"]
[Result "1-0"]
[WhiteTitle "GM"]
[BlackTitle "IM"]
[WhiteElo "2738"]
[BlackElo "2434"]
[WhiteFideId "3503240"]
[BlackFideId "13100050"]
[EventDate "2025.12.29"]

1. e4 g6 2. d4 Bg7 3. Nc3 d6 4. Be3 a6 5. Qd2 b5 6. O-O-O Bb7 7. h4 h6 8. Bd3
Nd7 9. f4 c5 10. dxc5 dxc5 11. e5 b4 12. Na4 Qa5 13. b3 O-O-O 14. Bc4 e6 15.
Bxc5 Nxc5 16. Qxd8+ Qxd8 17. Rxd8+ Kxd8 18. Nxc5 Kc7 19. Nxb7 Kxb7 20. Nf3 Ne7
21. Rd1 Kc7 22. Rd6 a5 23. Nd4 g5 24. Bxe6 gxf4 25. Rd7+ Kb6 26. Rxe7 Bxe5 27.
Nf3 Bd6 28. Rxf7 1-0

[Event "World Blitz 2025"]
[Site "Doha QAT"]
[Date "2025.12.29"]
[Round "5.73"]
[White "Le, Tuan Minh"]
[Black "Urkedal, Frode Olav Olsen"]
[Result "1/2-1/2"]
[WhiteTitle "GM"]
[BlackTitle "GM"]
[WhiteElo "2598"]
[BlackElo "2568"]
[WhiteFideId "12401153"]
[BlackFideId "1506102"]
[EventDate "2025.12.29"]

1. d4 Nf6 2. Nf3 d5 3. Bf4 c5 4. c3 e6 5. e3 Nc6 6. Nbd2 cxd4 7. exd4 Nh5 8. Be5
f6 9. Bg3 Qb6 10. Qb3 Nxg3 11. hxg3 Bd7 12. Bd3 Qxb3 13. Nxb3 Kf7 14. O-O Bd6
15. Rfe1 g5 16. Rad1 g4 17. Nfd2 h5 18. Nf1 h4 19. gxh4 Rxh4 20. g3 Rh3 21. Ne3
f5 22. Bf1 Rh5 23. Bg2 b5 24. Nc1 Rg8 25. Nd3 Kf6 26. b4 Nd8 27. Nc5 Bc8 28. a4
bxa4 29. Ra1 Nf7 30. Kf1 f4 31. gxf4 Bxf4 32. Nd3 Ba6 33. Red1 Bxe3 34. fxe3 Bb5
35. Kg1 Ng5 36. Nf4 Nh3+ 37. Bxh3 gxh3+ 38. Kh2 Rf5 39. Rd2 Rg4 40. Rf2 Bc6 41.
Rc1 e5 42. dxe5+ Kxe5 43. Rcf1 Rfg5 44. Rf3 Ke4 45. Nxh3 Rg2+ 46. Kh1 d4 47.
Nxg5+ Rxg5 48. cxd4 Kd3 49. e4+ Kxe4 50. Rf6 Bd5 51. Ra6 Kxd4+ 52. Kh2 Bb3 53.
Rxa7 Kc3 54. Rf4 Rb5 55. Kg3 Rxb4 56. Rf3+ Kb2 57. Rf2+ Ka3 58. Kf3 Rb6 59. Ke3
Re6+ 60. Kd4 Rd6+ 61. Kc5 Rd1 62. Rh2 Rc1+ 63. Kd4 Rd1+ 64. Ke3 Re1+ 65. Kd4
Rd1+ 66. Kc5 Rc1+ 67. Kb5 Re1 68. Rh3 Re5+ 69. Kc6 Re2 70. Kb5 Re5+ 71. Kc6 Re2 1/2-1/2

[Event "World Blitz 2025"]
[Site "Doha QAT"]
[Date "2025.12.29"]
[Round "5.74"]
[White "Keymer, Vincent"]
[Black "Khubukshanov, Erdem"]
[Result "0-1"]
[WhiteTitle "GM"]
[BlackTitle "IM"]
[WhiteElo "2776"]
[BlackElo "2502"]
[WhiteFideId "12940690"]
[BlackFideId "54114527"]
[EventDate "2025.12.29"]

1. Nf3 Nf6 2. g3 g6 3. Bg2 Bg7 4. c4 O-O 5. Nc3 c6 6. e4 d6 7. d4 Bg4 8. h3 Bxf3
9. Bxf3 e5 10. d5 c5 11. h4 h5 12. g4 hxg4 13. Bxg4 Nbd7 14. Bf3 Nh7 15. h5 Ndf6
16. Be3 a6 17. a4 Qa5 18. Bd2 Rfb8 19. Rg1 Nf8 20. b3 Qb6 21. Rb1 Qc7 22. hxg6
fxg6 23. Bg4 Nxg4 24. Qxg4 Kf7 25. Ke2 Qd7 26. Qf3+ Ke8 27. Bg5 Qf7 28. Rg3 Rc8
29. Rh1 Rc7 30. Qg2 Qg8 31. a5 Rf7 32. Na4 Rc8 33. Nb6 Rcc7 34. Qh3 Bf6 35. Qg4
Bxg5 36. Qxg5 Rf4 37. Rg4 Rcf7 38. Rxf4 Rxf4 39. Rh4 Rxh4 40. Qxh4 Qf7 41. Qg4
Qe7 42. Kf1 Kf7 43. Nc8 Qd8 44. Nb6 Kg7 45. Ke2 Qe7 46. Kd3 Qf7 47. f3 Kh6 48.
Kc3 g5 49. b4 cxb4+ 50. Kxb4 Qc7 51. Qc8 Qe7 52. c5 dxc5+ 53. Qxc5 Qf6 54. Qc3
Kh5 55. Kb3 Kh4 56. Qe1+ Kh3 57. Qh1+ Kg3 58. Qg1+ Kh3 59. Qg4+ Kh2 60. Nc4 Ng6
61. d6 Nf8 62. d7 Nxd7 63. Qxd7 Qxf3+ 64. Kb4 Qxe4 65. Qe7 Qb1+ 66. Kc3 Qc1+ 67.
Kd3 Qb1+ 68. Kd2 Qa2+ 69. Kc3 Qa1+ 70. Kb3 Qb1+ 71. Nb2 Qf5 72. Qxb7 e4 73. Nc4
e3 74. Nxe3 Qd3+ 75. Kb2 Qxe3 76. Qxa6 g4 77. Qb6 Qe5+ 78. Ka2 g3 79. Qh6+ Kg1
80. Qc1+ Kh2 81. Qh6+ Kg1 82. Qc1+ Kf2 83. Qd2+ Kf3 84. Qd3+ Kg4 85. Qg6+ Kf3
86. Qd3+ Kf2 87. Qd2+ 0-1

[Event "World Blitz 2025"]
[Site "Doha QAT"]
[Date "2025.12.29"]
[Round "5.75"]
[White "Zverev, Lev"]
[Black "Donchenko, Alexander"]
[Result "1-0"]
[WhiteTitle "IM"]
[BlackTitle "GM"]
[WhiteElo "2453"]
[BlackElo "2661"]
[WhiteFideId "24250775"]
[BlackFideId "24603295"]
[EventDate "2025.12.29"]

1. e4 c5 2. Nf3 d6 3. d4 cxd4 4. Nxd4 Nf6 5. Nc3 a6 6. h3 g6 7. Be3 Bg7 8. Qd2
Nbd7 9. Be2 b5 10. a4 Bb7 11. axb5 axb5 12. Rxa8 Qxa8 13. Ndxb5 Qa1+ 14. Bd1 O-O
15. O-O Qxb2 16. Bf3 Nxe4 17. Bxe4 Bxe4 18. Bd4 Qxc2 19. Qe3 d5 20. f3 Qd3 21.
fxe4 dxe4 22. Qxe4 Qxe4 23. Nxe4 e5 24. Bc3 Rb8 25. Rd1 Nf8 26. Nbd6 f5 27. Nc5
h5 28. Ra1 Rd8 29. Ra6 h4 30. Kh2 Kh7 31. Ba5 Rb8 32. Ra7 Kg8 33. Bc7 Rb1 34.
Ne8 Bh8 35. Bd6 e4 36. Ra8 Rd1 37. Nf6+ Bxf6 38. Rxf8+ Kg7 39. Ne6+ Kh6 40. Bf4+
g5 41. Rxf6+ Kh7 42. Nxg5+ Kg7 43. Be5 Re1 44. Re6+ Kf8 45. Bf6 e3 46. Rd6 1-0

[Event "World Blitz 2025"]
[Site "Doha QAT"]
[Date "2025.12.29"]
[Round "5.76"]
[White "Haug, Havard"]
[Black "Xiao, Tong(QD)"]
[Result "0-1"]
[WhiteTitle "FM"]
[BlackTitle "GM"]
[WhiteElo "2416"]
[BlackElo "2555"]
[WhiteFideId "1547887"]
[BlackFideId "8622388"]
[EventDate "2025.12.29"]

1. e4 e6 2. d4 d5 3. exd5 exd5 4. Bd3 c5 5. c3 Nf6 6. Nf3 Bd6 7. Qe2+ Be7 8. O-O
O-O 9. h3 Nc6 10. Bg5 Re8 11. Qd1 cxd4 12. cxd4 h6 13. Bf4 Ne4 14. Nc3 Nxc3 15.
bxc3 Bd6 16. Qd2 Qf6 17. Rfe1 Bd7 18. Bxd6 Qxd6 19. Rxe8+ Rxe8 20. Re1 Rxe1+ 21.
Qxe1 b6 22. Bb5 Na5 23. Bd3 Nc6 24. Ne5 Be6 25. f4 f6 26. Nxc6 Qxc6 27. Bg6 Bf7
28. Bd3 Kf8 29. Kf2 Be6 30. Qc1 Kf7 31. Qc2 Qc7 32. Qd2 Bd7 33. Bc2 Bb5 34. h4
Kf8 35. Qe3 Qe7 36. Bb3 Bc6 37. Qd3 a5 38. Bc2 Qd6 39. g3 Be8 40. Qh7 Bh5 41.
Qh8+ Kf7 42. Qa8 Qe6 43. Bd3 f5 44. Qb7+ Kf6 45. Qb8 Kf7 46. Qc7+ Kf6 47. Qd8+
Kf7 48. a3 Bg4 49. Qc7+ Kf6 50. Qe5+ Kf7 51. c4 dxc4 52. Qc7+ Kg6 53. Bxc4 Qf6
54. Qd7 Kh7 55. Ke3 Bd1 56. Qe8 h5 57. Qg8+ Kg6 58. Qe8+ Kh7 59. Bf7 g6 60. Qd7
Kh6 61. Qe8 Qg7 62. Qe6 a4 63. Qd5 Bb3 64. Qd8 Bxf7 65. Qxb6 Bd5 66. Qd6 Be4 67.
Qb8 Qf7 68. Qh8+ Qh7 69. Qf6 Qg7 70. Qg5+ Kh7 71. Qd8 Qf7 72. Kd2 Qa2+ 73. Ke1
Qa1+ 74. Ke2 Qb2+ 75. Ke1 Qc3+ 76. Ke2 Qd3+ 77. Ke1 Qxg3+ 78. Kd1 Qf3+ 79. Ke1
Qe3+ 80. Kd1 Qb3+ 81. Ke1 Qc3+ 82. Ke2 Bd3+ 83. Kf2 Qd2+ 84. Kg1 Qe3+ 85. Kg2
Qe2+ 86. Kh3 Qf3+ 87. Kh2 Qf2+ 0-1

[Event "World Blitz 2025"]
[Site "Doha QAT"]
[Date "2025.12.29"]
[Round "5.97"]
[White "Tsaruk, Maksim"]
[Black "Puranik, Abhimanyu"]
[Result "1-0"]
[WhiteTitle "GM"]
[BlackTitle "GM"]
[WhiteElo "2515"]
[BlackElo "2622"]
[WhiteFideId "13511173"]
[BlackFideId "5061245"]
[EventDate "2025.12.29"]

1. e4 c5 2. c3 Nf6 3. e5 Nd5 4. Nf3 d6 5. exd6 e6 6. g3 Bxd6 7. Bg2 Nc6 8. d4
cxd4 9. Nxd4 Nxd4 10. Qxd4 O-O 11. O-O Qc7 12. c4 Nb4 13. Nc3 a6 14. Qe4 Bd7 15.
Qxb7 Qxb7 16. Bxb7 Rab8 17. Rd1 Rxb7 18. Rxd6 e5 19. b3 Nc2 20. Rb1 Bf5 21. Bb2
Nd4 22. Rc1 Bh3 23. f4 f6 24. Kf2 a5 25. c5 Nf5 26. Rd2 exf4 27. gxf4 Rb4 28.
Nd5 Re4 29. c6 Rfe8 30. c7 Nh6 31. Kg3 Be6 32. Nb6 Re3+ 33. Kg2 Bh3+ 34. Kg1 Re2
35. Rxe2 Rxe2 36. c8=Q+ Bxc8 37. Rxc8+ Kf7 38. Nc4 Nf5 39. Bc3 Rxa2 40. Bxa5 Nd4
41. Kf1 Nxb3 42. Bb6 Rxh2 43. Bf2 Ke6 44. Rb8 Nc1 45. Rb5 Nd3 46. f5+ Kd7 47.
Rd5+ 1-0

[Event "World Blitz 2025"]
[Site "Doha QAT"]
[Date "2025.12.29"]
[Round "5.98"]
[White "Kadric, Denis"]
[Black "Orozbaev, Eldiyar"]
[Result "1-0"]
[WhiteTitle "GM"]
[BlackTitle "IM"]
[WhiteElo "2543"]
[BlackElo "2348"]
[WhiteFideId "14403803"]
[BlackFideId "13802240"]
[EventDate "2025.12.29"]

1. e4 e6 2. d3 d5 3. Nd2 Nc6 4. Ngf3 Nf6 5. c3 dxe4 6. dxe4 e5 7. b4 a6 8. Be2
Be7 9. O-O O-O 10. Qc2 Bg4 11. a4 Re8 12. Nc4 Bf8 13. Bg5 h6 14. Bh4 g5 15. Bg3
Bxf3 16. Bxf3 Bd6 17. Rad1 Qe7 18. Ne3 Qf8 19. h4 Rad8 20. hxg5 hxg5 21. Nf5 Ne7
22. Qc1 Nh7 23. Ne3 f6 24. Bh5 Qh6 25. Bxe8 Rxe8 26. Nc4 Nc8 27. Qe3 Nf8 28. f3
b5 29. axb5 axb5 30. Nxd6 Nxd6 31. Qc5 Ne6 32. Qd5 Kg7 33. Kf2 g4 34. Rh1 Qg5
35. Qc6 Re7 36. Rh4 f5 37. Bxe5+ Kf7 38. Rh7+ Kg6 39. Rxe7 Qxe7 40. Bxd6 cxd6
41. exf5+ Kxf5 42. Qxd6 Qa7+ 43. Kg3 gxf3 44. Rd5+ Kf6 45. Qe5+ Ke7 46. Rd6 1-0

[Event "World Blitz 2025"]
[Site "Doha QAT"]
[Date "2025.12.29"]
[Round "5.99"]
[White "Gaehwiler, Gabriel"]
[Black "Zhang, Zhong"]
[Result "1-0"]
[WhiteTitle "IM"]
[BlackTitle "GM"]
[WhiteElo "2382"]
[BlackElo "2561"]
[WhiteFideId "1314530"]
[BlackFideId "8600694"]
[EventDate "2025.12.29"]

1. d4 d5 2. Nf3 Nf6 3. Bf4 e6 4. e3 Bd6 5. Bg3 O-O 6. Bd3 b6 7. Qe2 Bb7 8. Nbd2
Nbd7 9. Ne5 Ne4 10. f3 Nxd2 11. Qxd2 f6 12. Nxd7 Qxd7 13. c3 c5 14. O-O Bxg3 15.
hxg3 e5 16. dxc5 bxc5 17. Rad1 Rfd8 18. f4 Qg4 19. Qf2 e4 20. Be2 Qg6 21. g4 Bc6
22. Rd2 Rd7 23. Rfd1 Rad8 24. Qg3 Qf7 25. f5 h6 26. Qf4 d4 27. exd4 cxd4 28.
Rxd4 Rxd4 29. cxd4 Qxa2 30. Qc7 Qd5 31. Bc4 Qxc4 32. Qxd8+ Kh7 33. d5 Ba4 34.
Re1 Qd4+ 35. Kh2 e3 36. Qe7 Qf4+ 37. Kh1 Qxg4 38. Qxe3 Bd7 39. Kg1 Bxf5 40. d6
h5 41. Qf2 Kg6 42. Rf1 Be6 43. Qc2+ Kh6 44. Qd2+ Kh7 45. Qd3+ Kh6 46. Rd1 Bd7
47. Qe3+ Kh7 48. Re1 a6 49. Qe4+ Qg6 50. Qxg6+ 1-0

[Event "World Blitz 2025"]
[Site "Doha QAT"]
[Date "2025.12.29"]
[Round "5.100"]
[White "Piliposyan, Robert"]
[Black "Sasikiran, Krishnan"]
[Result "0-1"]
[WhiteTitle "IM"]
[BlackTitle "GM"]
[WhiteElo "2442"]
[BlackElo "2538"]
[WhiteFideId "13309978"]
[BlackFideId "5004985"]
[EventDate "2025.12.29"]

1. d4 Nf6 2. c4 e6 3. Nc3 Bb4 4. e3 O-O 5. a3 Bxc3+ 6. bxc3 d6 7. Ne2 e5 8. Ng3
Re8 9. f3 c5 10. dxc5 dxc5 11. Bd3 Nc6 12. O-O Be6 13. Qe2 Qe7 14. f4 Bg4 15.
Qf2 Rad8 16. Bc2 Be6 17. e4 h6 18. h3 Nd7 19. Re1 Qh4 20. f5 Bxc4 21. Be3 b6 22.
Qf3 Nf6 23. Rad1 Na5 24. Bf2 Qf4 25. Be3 Qxf3 26. gxf3 Bb3 27. Bxb3 Nxb3 28. Kf2
Na5 29. Bc1 Kf8 30. Nf1 Nc4 31. Ke2 Nh5 32. Rd3 Nf4+ 33. Bxf4 exf4 34. Red1 Ke7
35. a4 Rxd3 36. Rxd3 Rd8 37. Rxd8 Kxd8 38. h4 g6 39. fxg6 fxg6 40. Kd3 Ne5+ 41.
Ke2 Ke7 42. Nd2 g5 43. hxg5 hxg5 44. Nb1 a6 45. Na3 Kd6 46. Nc2 b5 47. axb5 axb5
48. Ne1 b4 49. cxb4 cxb4 50. Nc2 Kc5 51. Ne1 Kc4 52. Nc2 b3 53. Na3+ Kb4 54. Nb1
b2 55. Kd2 Kb3 56. Ke2 Kc2 57. Na3+ Kc1 0-1

[Event "World Blitz 2025"]
[Site "Doha QAT"]
[Date "2025.12.29"]
[Round "5.101"]
[White "Rami, Talab"]
[Black "Saraci, Nderim"]
[Result "1-0"]
[BlackTitle "IM"]
[WhiteElo "2173"]
[BlackElo "2461"]
[WhiteFideId "7609787"]
[BlackFideId "6351921"]
[EventDate "2025.12.29"]

1. d4 Nf6 2. Nf3 g6 3. c4 Bg7 4. Nc3 O-O 5. e4 d6 6. Be2 Na6 7. Be3 c5 8. O-O
Ng4 9. Bg5 h6 10. Bh4 cxd4 11. Nxd4 Nf6 12. Qd2 Qb6 13. Rfd1 g5 14. Bg3 Nc5 15.
Qc2 a5 16. Kh1 Bd7 17. f3 Rfc8 18. Bf2 Qd8 19. Qd2 Nh5 20. Be3 Nf4 21. Bf1 Ng6
22. Rac1 a4 23. Nd5 Ne5 24. Nf5 Bxf5 25. exf5 Ned7 26. f4 g4 27. Qe2 Nf6 28.
Nxf6+ Bxf6 29. Qxg4+ Kh7 30. Qh5 Qg8 31. g4 Bxb2 32. Rb1 a3 33. g5 Qg7 34. Bxc5
Rxc5 35. f6 exf6 36. Rxd6 Kg8 37. Rbd1 fxg5 38. Rd8+ Rxd8 39. Rxd8+ Kh7 40. Bd3+
f5 41. Qe8 Qg6 42. Qe7+ Bg7 43. Qxc5 1-0

[Event "World Blitz 2025"]
[Site "Doha QAT"]
[Date "2025.12.29"]
[Round "5.102"]
[White "Can, Emre"]
[Black "Bilguun, Sumiya"]
[Result "0-1"]
[WhiteTitle "GM"]
[BlackTitle "GM"]
[WhiteElo "2541"]
[BlackElo "2442"]
[WhiteFideId "6302181"]
[BlackFideId "4901541"]
[EventDate "2025.12.29"]

1. e4 c5 2. Nf3 e6 3. c3 d5 4. e5 d4 5. d3 Nc6 6. g3 Nge7 7. Bg2 Nf5 8. O-O h5
9. h4 Be7 10. Na3 Rb8 11. Re1 b5 12. Ng5 Bd7 13. Bf4 Bxg5 14. Bxg5 Qa5 15. c4 a6
16. cxb5 axb5 17. Rc1 Qa7 18. Nb1 Na5 19. Nd2 Bc6 20. Ne4 c4 21. b4 Bxe4 22.
Bxe4 c3 23. bxa5 Qxa5 24. Bxf5 exf5 25. e6 f6 26. Bf4 Rb7 27. Qf3 Qa6 28. e7
Rxe7 29. Rxe7+ Kxe7 30. Qd5 Qe6 31. Qxd4 Rc8 32. Qb4+ Kf7 33. a3 Qc6 34. d4 c2
35. Qb3+ Kg6 36. d5 Qc5 37. d6 Qd4 38. Be3 Qxd6 39. Kh2 Qc6 0-1

[Event "World Blitz 2025"]
[Site "Doha QAT"]
[Date "2025.12.29"]
[Round "5.103"]
[White "Tin, Jingyao"]
[Black "Abdilkhair, Abilmansur"]
[Result "1-0"]
[WhiteTitle "GM"]
[BlackTitle "IM"]
[WhiteElo "2584"]
[BlackElo "2378"]
[WhiteFideId "5804418"]
[BlackFideId "13716417"]
[EventDate "2025.12.29"]

1. d4 Nf6 2. c4 g6 3. Nc3 d5 4. Nf3 Bg7 5. Qb3 dxc4 6. Qxc4 O-O 7. e4 b6 8. e5
Ne8 9. h4 Bg4 10. h5 gxh5 11. Bd3 Nd7 12. Ng5 h6 13. Nxf7 Rxf7 14. e6 Bxe6 15.
Qxe6 Nc5 16. Bh7+ Kxh7 17. Qxf7 Qxd4 18. Bxh6 Qe5+ 19. Be3 Nd3+ 20. Ke2 Nf6 21.
Kxd3 Rd8+ 22. Ke2 Qf5 23. Rad1 Rf8 24. Qc4 e5 25. f3 Qg6 26. Qd3 e4 27. Nxe4
Nxe4 28. Qxe4 Rf5 29. g4 1-0

[Event "World Blitz 2025"]
[Site "Doha QAT"]
[Date "2025.12.29"]
[Round "5.104"]
[White "Samunenkov, Ihor"]
[Black "Sindarov, Islombek"]
[Result "1-0"]
[WhiteTitle "GM"]
[BlackTitle "CM"]
[WhiteElo "2584"]
[BlackElo "2129"]
[WhiteFideId "14187086"]
[BlackFideId "14205475"]
[EventDate "2025.12.29"]

1. d4 Nf6 2. c4 g6 3. g3 Bg7 4. Bg2 O-O 5. Nc3 d6 6. Nf3 Nbd7 7. O-O e5 8. h3 c6
9. e4 Qe7 10. Re1 a6 11. a4 Rb8 12. a5 Rd8 13. b3 exd4 14. Nxd4 Nc5 15. Bb2 Nfd7
16. b4 Ne6 17. Nd5 cxd5 18. exd5 Ne5 19. dxe6 Bxe6 20. Nxe6 fxe6 21. Qe2 Kh8 22.
c5 Nc6 23. Bxg7+ Qxg7 24. Bxc6 bxc6 25. Qxa6 dxc5 26. bxc5 Rd2 27. Rad1 Ra2 28.
Re2 Ra1 29. Rxa1 Qxa1+ 30. Kg2 Rb1 31. Qxc6 Qxa5 32. Qxe6 Qa8+ 33. c6 Rc1 34.
Qf6+ Kg8 35. Re6 Rc5 36. h4 Rc4 37. h5 gxh5 38. Qg5+ Kh8 39. Qe5+ Kg8 40. Re8+ 1-0

[Event "World Blitz 2025"]
[Site "Doha QAT"]
[Date "2025.12.29"]
[Round "5.105"]
[White "Zemlyanskii, Ivan"]
[Black "Fandi, Mazen"]
[Result "1-0"]
[WhiteTitle "GM"]
[BlackTitle "FM"]
[WhiteElo "2592"]
[BlackElo "2304"]
[WhiteFideId "24249971"]
[BlackFideId "7611625"]
[EventDate "2025.12.29"]

1. d4 d5 2. c4 c6 3. Nf3 Nf6 4. e3 Bf5 5. cxd5 cxd5 6. Qb3 Qc7 7. Bd2 e6 8. Bb5+
Nc6 9. O-O Bd6 10. Bb4 O-O 11. Bxc6 Qxc6 12. Ne5 Qb6 13. Bxd6 Qxd6 14. Qxb7 Rab8
15. Qxa7 Rxb2 16. Nc3 Ng4 17. Nxg4 Bxg4 18. Rab1 Qb4 19. Qc5 Qxc5 20. dxc5 Rxb1
21. Rxb1 Rc8 22. f3 Bf5 23. Rb5 Bd3 24. Rb6 Kf8 25. c6 Ke7 26. a4 Kd6 27. Nb5+
Kc5 28. Rb7 Rxc6 29. Rxf7 g5 30. Nd4 Ra6 31. Re7 Rxa4 32. Rxe6 Ra1+ 33. Kf2 Ra2+
34. Kg3 Bf1 35. Rc6+ Kb4 36. Nc2+ Kb3 37. Nd4+ Kb4 38. Rc2 Rxc2 39. Nxc2+ Kc3
40. Nd4 Kd2 41. Kf2 Bxg2 42. Kxg2 Kxe3 43. Nf5+ Kf4 44. Ng3 d4 45. Kf2 d3 46.
Nh5+ Kf5 47. Ke3 Kg6 48. Ng3 h5 49. Kxd3 h4 50. Ne2 Kf5 51. h3 1-0

[Event "World Blitz 2025"]
[Site "Doha QAT"]
[Date "2025.12.29"]
[Round "5.106"]
[White "Ezat, Mohamed"]
[Black "Wojtaszek, Radoslaw"]
[Result "0-1"]
[WhiteTitle "IM"]
[BlackTitle "GM"]
[WhiteElo "2294"]
[BlackElo "2667"]
[WhiteFideId "10600906"]
[BlackFideId "1118358"]
[EventDate "2025.12.29"]

1. d4 Nf6 2. c4 e6 3. g3 c5 4. Nf3 cxd4 5. Nxd4 Bb4+ 6. Bd2 Bc5 7. Nb3 Be7 8.
Bg2 Nc6 9. O-O b6 10. Nc3 O-O 11. Bf4 Ba6 12. Nb5 Rc8 13. Nd6 Bxd6 14. Bxd6 Re8
15. Rc1 e5 16. Re1 h6 17. e3 Re6 18. Bh3 Re8 19. Bg2 Nb8 20. c5 Nc6 21. cxb6
axb6 22. Qd2 Na7 23. Red1 Nb5 24. Bb4 Rxc1 25. Qxc1 d5 26. a4 Na7 27. a5 Qb8 28.
axb6 Qxb6 29. Qc5 Rb8 30. Bc3 Qxb3 31. Ra1 Nb5 32. Bxe5 Rc8 33. Qb6 Ng4 34. Qxa6
Qc2 35. Bf4 Qxf2+ 36. Kh1 Rc2 37. Qc8+ Rxc8 0-1

[Event "World Blitz 2025"]
[Site "Doha QAT"]
[Date "2025.12.29"]
[Round "5.107"]
[White "Aziz, Husain"]
[Black "Makarian, Rudik"]
[Result "0-1"]
[WhiteTitle "IM"]
[BlackTitle "GM"]
[WhiteElo "2256"]
[BlackElo "2524"]
[WhiteFideId "12100293"]
[BlackFideId "44105681"]
[EventDate "2025.12.29"]

1. d4 Nf6 2. Nf3 c5 3. d5 b5 4. e4 Nxe4 5. Bd3 Qa5+ 6. Nbd2 Nf6 7. O-O c4 8. Be4
Bb7 9. a4 a6 10. Re1 Qb6 11. c3 d6 12. Nd4 Nbd7 13. Bf3 Ne5 14. axb5 axb5 15.
Rxa8+ Bxa8 16. b3 Nxf3+ 17. N2xf3 Bxd5 18. bxc4 Bxc4 19. Bg5 e6 20. Qa1 Qb7 21.
Rb1 Be7 22. Qa5 O-O 23. h3 Ra8 24. Qb4 d5 25. Qb2 Ne4 26. Bxe7 Qxe7 27. Qc2 Qc5
28. Ne5 h6 29. f3 Nd6 30. Kh1 Qc7 31. Qd2 Ne4 32. fxe4 Qxe5 33. exd5 Qxd5 34.
Qf2 Ra2 35. Qg3 Bd3 36. Rd1 Be4 37. Rg1 e5 38. Nf3 Bxf3 39. gxf3 g6 40. Qg4 Qd2 0-1